Fr. Conceicao Rodrigues College of Engineering

Indian Economy:Problems of Development and planning (Record no. 23226)

MARC details
000 -LEADER
fixed length control field 00352nam a2200157Ia 4500
082 ## - DEWEY DECIMAL CLASSIFICATION NUMBER
Classification number 338.9
Item number AGR
100 ## - MAIN ENTRY--PERSONAL NAME
Personal name Agrawal / A.N
250 ## - EDITION STATEMENT
Edition statement 28
245 ## - TITLE STATEMENT
Title Indian Economy:Problems of Development and planning
260 ## - PUBLICATION, DISTRIBUTION, ETC.
Name of publisher, distributor, etc. Wishwa
Place of publication, distribution, etc. New Delhi
Date of publication, distribution, etc. 2002
300 ## - PHYSICAL DESCRIPTION
Extent 792
546 ## - LANGUAGE NOTE
Language note ENGLISH
650 ## - SUBJECT ADDED ENTRY--TOPICAL TERM
Topical term or geographic name entry element Economics
654 ## - SUBJECT ADDED ENTRY--FACETED TOPICAL TERMS
Focus term indian
942 ## - ADDED ENTRY ELEMENTS (KOHA)
Koha item type BOOK
Holdings
Withdrawn status Lost status Damaged status Not for loan Collection Home library Current library Date acquired Total Checkouts Full call number Barcode Date last seen Price effective from Koha item type
        CRC Fr. Agnel's C.Rodrigues College of Engineering Fr. Agnel's C.Rodrigues College of Engineering 17/03/2023   338.9 AGR 13346 17/03/2023 17/03/2023 BOOK